A Foxy Quiz - Statistics

General Stats
  • This quiz has been taken 99 times
    57 since last reset
  • The average score is 13 of 20
Answer Stats
Hint Answer % Correct
Most common type of fox Red Fox
96%
Country from which fox hunting originated in the 16th century England
85%
Web browser that was created by the Mozilla Foundation in 2002 {Fire}fox
83%
English language word for a female fox Vixen
81%
Foxes were introduced to this country in order to regulate the growing overpopulation of rabbits in 1855 Australia
79%
Region where the white foxes live Arctic (North Pole)
77%
There is a sanctuary for foxes in the city of Shiroishi in this country Japan
75%
Ancient Greek fabulist who wrote "The Fox and the Crow" Aesop
72%
English folklore character who is depicted as a fox in a 1973 Disney movie Robin Hood
72%
Portrayed Marty McFly Michael J. Fox
64%
Portrayed Ray Charles Jamie Foxx
60%
German WWII general who was nicknamed the "Desert Fox" by his British adversaries Erwin Rommel
58%
Female star of "Transformers" Megan Fox
57%
British author who wrote "Fantastic Mr Fox" Roald Dahl
57%
Type of fox, with big ears, that is found in the Sahara desert Fennec Fox
51%
Novel by Antoine de Saint-Exupéry, that features a fox who teaches the main character several life lessons The Little {Prince}
47%
2016 Disney movie that featured a fox named Nick Wilde Zootopia
42%
Founder of the "Fox Corporation" Rupert Murdoch
36%
Another word for fox (hint: starts with R) Reynard
34%
President of Mexico, 2000-2006 Vicente Fox
28%
No matching quizzes found
Score Distribution
Percent of People with Each Score
Percentile by Number Answered
Your Score History
You have not taken this quiz since the last reset